000 00709nam a2200193Ia 4500
003 GCL
008 140319s9999 xx 000 0 ara d
040 _aGCL /
_cGCL
082 0 4 _a812.008
_bع ث
100 1 _aعبداللطيف دربالة
245 1 0 _aثلاث مسرحيات: الخروج- الوحش والقاهرة الجميلة- الحسين يقتل حيا /
_cعبداللطيف دربالة
260 _a[S.N] :
_bالهيئة المصرية العامة للكتاب ،
_c1989
300 _a381 ص
490 _aالمسرح العربى
_v0
650 0 4 _aالادب العربى
650 0 4 _aالمسرح العربى
650 0 4 _aالمسرحيات العربية
942 _2ddc
_cBK
999 _c34791
_d34791